|
LDR
| 00974cam a2200301 a 4500 |
|---|
| 001 | 126218 |
|---|
| 003 | CONS |
|---|
| 005 | 20140703073303.0 |
|---|
| 008 | 001218s2001 nyu 000 1 eng |
|---|
| 010 | | . |
‡a 00054622 |
|---|
| 020 | | . |
‡a0380978180 |
|---|
| 020 | | . |
‡a0380810239 |
|---|
| 035 | | . |
‡a(CPomAG)LMN493418 |
|---|
| 043 | | . |
‡an-us-md |
|---|
| 050 | 0 | 0. |
‡aPS3562.I586
‡bI5 2001 |
|---|
| 082 | 0 | 0. |
‡a813/.6
‡221 |
|---|
| 100 | 1 | . |
‡aLippman, Laura,
‡d1959- |
|---|
| 245 | 1 | 0. |
‡aIn a strange city /
‡cby Laura Lippman. |
|---|
| 250 | | . |
‡a1st edition |
|---|
| 260 | | . |
‡aNew York :
‡bMorrow,
‡c2001. |
|---|
| 300 | | . |
‡a310 pages ;
‡c24 cm. |
|---|
| 650 | | 0. |
‡aMonaghan, Tess (Fictitious character). |
|---|
| 650 | | 0. |
‡aWomen private investigators
‡zMaryland
‡zBaltimore
‡vFiction. |
|---|
| 600 | 1 | 0. |
‡aPoe, Edgar Allan,
‡d1809-1849
‡xTomb
‡vFiction. |
|---|
| 651 | | 0. |
‡aBaltimore (Md.)
‡vFiction. |
|---|
| 650 | | 0. |
‡aDetective and mystery stories. |
|---|
| 959 | | . |
‡i32269000683022
‡lF Lip
‡aAdult - Fiction
‡tFiction
‡g24.00 |
|---|
| 852 | | . |
‡p32269000683022
‡jF Lip
‡gAdult - Fiction
‡cFiction
‡y24.00
‡bSBPL |
|---|
| 901 | | . |
‡a126218
‡bUnknown
‡c126218
‡tbiblio |
|---|